书目信息 |
| 题名: |
现代电子技术
|
|
| 作者: | 杨刚 , 龙海燕 编著 | |
| 分册: | ||
| 出版信息: | 北京 电子工业出版社 2004.04 |
|
| 页数: | X, 323页 | |
| 开本: | 24cm | |
| 丛书名: | 高等学校电工电子实践系列 | |
| 单 册: | ||
| 中图分类: | TP312VH , TN79 | |
| 科图分类: | ||
| 主题词: | 数字电路--电路设计--高等学校--教材 , VHDL语言--程序设计--高等学校--教材 | |
| 电子资源: | ||
| ISBN: | 7-5053-9812-1 | |
| 000 | 00939nam 2200289 450 | |
| 001 | 0156426109 | |
| 005 | 20050520102308.77 | |
| 010 | @a7-5053-9812-1@dCNY 25.00 | |
| 100 | @a20050502d2004 km y0chiy0120 ea | |
| 101 | 0 | @achi |
| 102 | @aCN@b110000 | |
| 105 | @aa a 000yy | |
| 200 | 1 | @a现代电子技术@Axian dai dian zi ji shu@eVHDL与数字系统设计@f杨刚, 龙海燕编著@Fyang gang,long hai yan bian zhu |
| 210 | @a北京@c电子工业出版社@d2004.04 | |
| 215 | @aX, 323页@c图@d24cm | |
| 225 | 2 | @a高等学校电工电子实践系列 |
| 320 | @a有书目。 | |
| 410 | 0 | @12001 @a高等学校电工电子实践系列 |
| 517 | 1 | @aVHDL与数字系统设计@AVHDL yu shu zi xi tong she ji |
| 606 | 0 | @a数字电路@x电路设计@x高等学校@x教材 |
| 606 | 0 | @aVHDL语言@x程序设计@x高等学校@x教材 |
| 690 | @aTP312VH@v4 | |
| 690 | @aTN79@v4 | |
| 701 | 0 | @a杨刚@Ayang gang@4编著 |
| 701 | 0 | @a龙海燕@Along hai yan@4编著 |
| 801 | 0 | @aCN@bQSSK@c20050520 |
| 905 | @a10447@dTN79@eY182 | |
| 现代电子技术:VHDL与数字系统设计/杨刚, 龙海燕编著.-北京:电子工业出版社,2004.04 |
| X, 323页:图;24cm.-(高等学校电工电子实践系列) |
| ISBN 7-5053-9812-1:CNY 25.00 |
| ● |
| 相关链接 |
|
|
|
正题名:现代电子技术
索取号:TN79/Y182
 
预约/预借
| 序号 | 登录号 | 条形码 | 馆藏地/架位号 | 状态 | 备注 |
| 1 | 498203 | 204982037 | 自科库301/301自科库 32排3列5层/ [索取号:TN79/Y182] | 在馆 | |
| 2 | 498204 | 204982046 | 自科二线404/404自科库 15排6列3层/ [索取号:TN79/Y182] | 在馆 | |
| 3 | 498205 | 204982055 | 自科库301/301自科库 32排3列5层/ [索取号:TN79/Y182] | 在馆 |